|
|
|
|
| LEADER |
00000nam0a2200000 4500 |
| 001 |
182810 |
| 005 |
20231101223722.0 |
| 010 |
|
|
|a 5020014435
|
| 020 |
|
|
|a RU
|b 90-62522
|
| 035 |
|
|
|a (RuTPU)RU\TPU\book\198172
|
| 090 |
|
|
|a 182810
|
| 100 |
|
|
|a 20100626d1990 k y0rusy5003 ca
|
| 101 |
0 |
|
|a rus
|
| 102 |
|
|
|a RU
|
| 105 |
|
|
|a a z 001zy
|
| 200 |
1 |
|
|a Фазовые равновесия и свойства гидротермальных систем
|f В. М. Валяшко
|g АН СССР, Ин-т общ. и неорган. химии им. Н. С. Курнакова
|
| 210 |
|
|
|a Москва
|c Наука
|d 1990
|
| 215 |
|
|
|a 269,[1] с.
|c ил.
|d 22 см
|
| 320 |
|
|
|a Библиогр.: с. 256-268.
|
| 606 |
1 |
|
|a Водно-солевые системы
|2 stltpush
|3 (RuTPU)RU\TPU\subj\70581
|9 84800
|
| 610 |
1 |
|
|a гидротермальные системы
|
| 610 |
1 |
|
|a фазовое равновесие
|
| 610 |
1 |
|
|a фазовые диаграммы
|
| 610 |
1 |
|
|a построение
|
| 610 |
1 |
|
|a топологическая трансформация
|
| 610 |
1 |
|
|a экспериментальные исследования
|
| 610 |
1 |
|
|a водные растворы
|
| 610 |
1 |
|
|a физико-химические свойства
|
| 610 |
1 |
|
|a электролиты
|
| 675 |
|
|
|a 546-38
|z rus
|
| 700 |
|
1 |
|a Валяшко
|b В. М.
|g Владимир Михайлович
|4 070
|
| 712 |
0 |
2 |
|a Академия наук СССР (АН СССР)
|b Институт общей и неорганической химии им. Н. С. Курнакова (ИОНХ)
|c (Москва)
|2 stltpush
|3 (RuTPU)RU\TPU\col\11794
|
| 801 |
|
0 |
|a RU
|b RuMRKP
|c 19950417
|g psbo
|
| 801 |
|
1 |
|a RU
|b 63413507
|c 20100626
|
| 801 |
|
2 |
|a RU
|b 63413507
|c 20160802
|g RCR
|
| 942 |
|
|
|c BK
|